000 00974nam2a22002411 4500
001 RU\NLR\INFOCOMM31\1000050851
005 20250617061247.0
035 _a(NLR Aleph) 002513593
090 _a2700912
_c2700912
100 _a20040428d1991 |||y0rusy50 ca
101 0 _arus
102 _aRU
105 _ay |||||||||
200 1 _aКультивирование микроорганизмов
210 _d1991
_aБ. м.
461 0 _1001RU\NLR\INFOCOMM31\1000050827
_12001#$aМикробиология$fГос. ком. Совета Министров СССР по науке и технике. АН СССР. ВИНИТИ$vТ.24
_92700723
_cМ.
_d1972-
_fГос. ком. Совета Министров СССР по науке и технике. АН СССР. ВИНИТИ
_tМикробиология
_vТ.24
801 1 _aRU
_bInfoComm
_c20040428
801 0 _aRU
_bNLR
_gPSBO
852 _aNLR
_jП7/1428
942 _cISSUE
980 _aNB
980 _aRUSPER